Ztracené květy : plastiky a umělecká díla druhé poloviny 20. století ve veřejném prostoru v České Lípě /

Main Author: Panáček, Michal, 1977-
Other Authors: Rádl, Michal, 1980-, Švácha, Filip, Vlček, Tomáš, 1941-
Language: Czech
Published: Česká Lípa : Vlastivědný spolek Českolipska, 2019
Edition: 1. vydání
Subjects:
Physical Description: 143 stran : ilustrace (převážně barevné) ; 23 cm + 1 plán (44 x 56 cm složeno na 22 x 12 cm)
Book
Saved in:
LEADER 02654nam a2200661 i 4500
001 nkc20193164341
003 CZ PrNK
005 20200124125906.0
007 ta
008 191211s2019 xr a e 000 0dcze
015 |a cnb003164341 
020 |a 978-80-906878-2-0  |q (brožováno)  |z 978-80-6878-2-0 
035 |a (OCoLC)1140091750 
040 |a BOA001  |b cze  |e rda 
043 |a e-xr---  |b e-xr-li  |2 czenas 
045 |a x4x9 
072 7 |a 73  |x Sochařství, keramika, porcelán, umělecké zpracování kovů  |2 Konspekt  |9 21 
080 |a 730.027.1  |2 MRF 
080 |a 730.027  |2 MRF 
080 |a 72.04  |2 MRF 
080 |a 711.61  |2 MRF 
080 |a (437.316)  |2 MRF 
080 |a (048.8)  |2 MRF 
080 |a (084.11)  |2 MRF 
100 1 |a Panáček, Michal,  |d 1977-  |7 ola2013782634  |4 aut 
245 1 0 |a Ztracené květy :  |b plastiky a umělecká díla druhé poloviny 20. století ve veřejném prostoru v České Lípě /  |c Michal Panáček, Michal Rádl, Filip Švácha, Tomáš Vlček 
250 |a 1. vydání 
264 1 |a Česká Lípa :  |b Vlastivědný spolek Českolipska,  |c 2019 
300 |a 143 stran :  |b ilustrace (převážně barevné) ;  |c 23 cm +  |e 1 plán (44 x 56 cm složeno na 22 x 12 cm) 
336 |a text  |b txt  |2 rdacontent 
336 |a statický obraz  |b sti  |2 rdacontent 
337 |a bez média  |b n  |2 rdamedia 
338 |a svazek  |b nc  |2 rdacarrier 
500 |a 300 výtisků 
504 |a Obsahuje bibliografii 
648 7 |a 20. století  |7 ch460558  |2 czenas 
650 0 7 |a sochy  |7 ph125739  |z Česko  |y 20. století  |2 czenas 
650 0 7 |a reliéfy (sochařství)  |7 ph125116  |z Česko  |y 20. století  |2 czenas 
650 0 7 |a architektonická dekorace  |7 ph135145  |z Česko  |y 20. století  |2 czenas 
650 0 7 |a veřejná prostranství  |7 ph127074  |z Česko  |2 czenas 
650 0 9 |a statues  |z Czechia  |y 20th century  |2 eczenas 
650 0 9 |a reliefs (sculpture)  |z Czechia  |y 20th century  |2 eczenas 
650 0 9 |a architectural decoration and ornament  |z Czechia  |y 20th century  |2 eczenas 
650 0 9 |a public places  |z Czechia  |2 eczenas 
651 7 |a Česká Lípa (Česko)  |7 ge131692  |2 czenas 
651 9 |a Česká Lípa (Czechia)  |2 eczenas 
655 7 |a přehledy  |7 fd133202  |2 czenas 
655 7 |a obrazové publikace  |7 fd132947  |2 czenas 
655 9 |a surveys  |2 eczenas 
655 9 |a pictorial works  |2 eczenas 
700 1 |a Rádl, Michal,  |d 1980-  |7 ola2013782172  |4 aut 
700 1 |a Švácha, Filip  |4 aut 
700 1 |a Vlček, Tomáš,  |d 1941-  |7 jk01150130  |4 aut 
910 2 |a BOA001  |b 2-1438.885 
990 |a BK 
995 |a 01 
991 |b 202001  |c NOV 
996 6 |b 2610807746  |c 2-1438.885  |l MZK  |r Sklad / do 1 hodiny  |n 3  |p p.v.  |w 001773560  |u 000010  |a 1  |e BOA001  |j MZK50  |s P